|
|
|
|
| LEADER |
02466nam a2200649 a 4500 |
| 001 |
nkc20091929367 |
| 003 |
CZ PrNK |
| 005 |
20161221235014.0 |
| 007 |
ta |
| 008 |
090512s2009 xr ach f c 000 0dcze |
| 015 |
|
|
|a cnb001929367
|
| 020 |
|
|
|a 978-80-900723-0-5
|q (Vladimír Havelka - REFOT ;
|q váz.)
|
| 035 |
|
|
|a (OCoLC)428368118
|
| 040 |
|
|
|a OLA001
|b cze
|d BOA001
|d ABA001
|
| 041 |
0 |
|
|a cze
|b eng
|b ger
|
| 043 |
|
|
|a e-xr---
|
| 045 |
|
|
|a w8x4
|
| 072 |
|
7 |
|a 75
|x Malířství
|2 Konspekt
|9 21
|
| 080 |
|
|
|a 75.071.1
|2 MRF
|
| 080 |
|
|
|a 75(437.3)
|2 MRF
|
| 080 |
|
|
|a 75.047
|2 MRF
|
| 080 |
|
|
|a 75.036/.038
|2 MRF
|
| 080 |
|
|
|a (437.3)
|2 MRF
|
| 080 |
|
|
|a (048.8)
|2 MRF
|
| 080 |
|
|
|a (084.11)
|2 MRF
|
| 080 |
|
|
|a (083.81)
|2 MRF
|
| 100 |
1 |
|
|a Zachař, Michael,
|d 1965-
|7 jo2004249799
|4 aut
|
| 245 |
1 |
0 |
|a František Kaván /
|c Michael Zachař
|
| 250 |
|
|
|a Vyd. v této úpravě 1.
|
| 260 |
|
|
|a Praha :
|b Pro Galerii Kodl vydalo nakl. REFOT,
|c 2009
|
| 300 |
|
|
|a 217 s., [10] složených l. barev. obr. příl. :
|b il. (převážně barev.), portréty, faksim. ;
|c 28 cm
|
| 546 |
|
|
|a Anglické a německé resumé
|
| 600 |
1 |
7 |
|a Kaván, František,
|d 1866-1941
|7 jk01053288
|2 czenas
|
| 648 |
|
4 |
|a 1883-1941
|
| 650 |
0 |
7 |
|a malíři
|7 ph122596
|z Česko
|y 19.-20. století
|2 czenas
|
| 650 |
0 |
7 |
|a české malířství
|7 ph116864
|y 19.-20. století
|2 czenas
|
| 650 |
0 |
7 |
|a krajinomalba
|7 ph121926
|z Česko
|y 19.-20. století
|2 czenas
|
| 650 |
0 |
7 |
|a moderní malířství
|7 ph122940
|z Česko
|2 czenas
|
| 650 |
0 |
9 |
|a painters
|z Czechia
|y 19th-20th centuries
|2 eczenas
|
| 650 |
0 |
9 |
|a Czech painting
|y 19th-20th centuries
|2 eczenas
|
| 650 |
0 |
9 |
|a landscape painting
|z Czechia
|y 19th-20th centuries
|2 eczenas
|
| 650 |
0 |
9 |
|a modern painting
|z Czechia
|2 eczenas
|
| 655 |
|
7 |
|a monografie
|7 fd132842
|2 czenas
|
| 655 |
|
7 |
|a obrazové publikace
|7 fd132947
|2 czenas
|
| 655 |
|
7 |
|a katalogy
|7 fd132535
|2 czenas
|
| 655 |
|
9 |
|a monographs
|2 eczenas
|
| 655 |
|
9 |
|a pictorial works
|2 eczenas
|
| 655 |
|
9 |
|a catalogs
|2 eczenas
|
| 700 |
1 |
|
|a Kaván, František,
|d 1866-1941
|7 jk01053288
|4 art
|
| 710 |
2 |
|
|a Galerie Kodl (Praha, Česko)
|7 kn20080111007
|
| 856 |
4 |
1 |
|u http://www.digitalniknihovna.cz/mzk/uuid/uuid:93f6ece0-b870-11e6-88f6-005056827e52
|y Digitalizovaný dokument
|x NDK
|
| 910 |
2 |
|
|a BOA001
|b 4-1224.170
|
| 928 |
9 |
|
|a REFOT
|
| 990 |
|
|
|a BK
|
| 995 |
|
|
|a 01
|
| 991 |
|
|
|b 200906
|c NOV
|
| 996 |
6 |
|
|b 2610379234
|c 4-1224.170
|l MZK
|r Sklad / do 1 hodiny
|n 10
|p p.v.
|w 000938886
|u 000010
|a 1
|e BOA001
|j MZK50
|s P
|